00497nam a2200193 a 4500001001300000003000900013005001700022008004100039020002300080082001900103100001800122245003400140260003100174300000900205500003500214505001000249650002600259700001800285nice12345678IN_TiNIC20260116014232.0050524s2003 dela grp 000 0 eng  a8188789 c15000a305.80954bKHA aKhalidi, Omar aKhaki and the Ethnic Violence aDelhibThree Essays c2003 a126p aincludes index and biblioraphy2 aNotes aEthnic Conflict-India1 aKhalidi, Omar